000 00456cam a22001692a 4500
001 001219
003 AR-FADEU
008 311216n1971####xxu####################dd
100 _aMuraro, Heriberto
245 _aEl poder de los medios de comunicación de masas
260 _bCentro Editor de América Latina
260 _aBuenos Aires
260 _c1971
440 _aTransformaciones
_n1
650 _aMEDIOS DE COMUNICACION-PODER
942 _cFOLLETO
999 _c1710
_d1710